[Event "Florence op 6th"]
[Site "Florence"]
[Date "2012.11.03"]
[Round "4"]
[White "Bini, Lorenzo"]
[Black "Gori, Marco"]
[Result "0-1"]
[WhiteElo "1941"]
[BlackElo "1823"]
[PlyCount "96"]
[EventDate "2012.11.01"]
[EventType "swiss"]
[EventRounds "7"]
[EventCountry "ITA"]
[SourceTitle "EXT 2014"]
[Source "ChessBase"]
[SourceDate "2013.11.20"]
[SourceVersion "1"]
[SourceVersionDate "2013.11.20"]
[SourceQuality "1"]

1. f4 d5 2. e3 c5 3. d3 Nc6 4. Nf3 Nf6 5. Be2 Qb6 6. 0-0 h6 7. a3 Qc7 8. Nc3 g5 9. e4 g4 10. Nh4 dxe4 11. dxe4 Nd4 12. Bc4 Be6 13. Bxe6 Nxe6 14. e5 Rd8 15. Qe2 Nd4 16. Qc4 Nd7 17. Nd5 Qc6 18. c3 b5 19. Qa2 Ne2+ 20. Kh1 Nxc1 21. Raxc1 c4 22. Nb4 Qb7 23. e6 Nc5 24. exf7+ Kxf7 25. Qb1 Qe4 26. Qxe4 Nxe4 27. Nc6 Rd2 28. Ne5+ Ke8 29. Nxg4 Rg8 30. Ne3 e6 31. Nf3 Rxb2 32. Rb1 Bxa3 33. Rxb2 Bxb2 34. Rb1 Nf2+ 35. Kg1 Nd3 36. Ne5 Bxc3 37. Rxb5 Bxe5 38. fxe5 c3 39. Rb3 Nxe5 40. Rxc3 Kd7 41. Ra3 Nc6 42. Kf2 Rg5 43. h4 Rh5 44. g3 a5 45. Kg2 Kc7 46. Kh3 Kb6 47. g4 Rc5 48. Rb3+ Nb4 0-1

[Event "Florence op 17th"]
[Site "Florence"]
[Date "2009.12.06"]
[Round "2"]
[White "Cocuzzi, Edoardo"]
[Black "Gori, Marco"]
[Result "1-0"]
[WhiteElo "1972"]
[BlackElo "1881"]
[PlyCount "77"]
[EventDate "2009.12.06"]
[EventType "swiss"]
[EventRounds "6"]
[EventCountry "ITA"]
[SourceTitle "EXT 2012"]
[Source "ChessBase"]
[SourceDate "2011.11.24"]
[SourceVersion "1"]
[SourceVersionDate "2011.11.24"]
[SourceQuality "1"]

1. e4 c6 2. d4 d5 3. exd5 cxd5 4. Bd3 Nc6 5. c3 Nf6 6. h3 Bd7 7. Bf4 Qa5 8. Nd2 e6 9. Ngf3 a6 10. 0-0 Be7 11. a4 0-0 12. b4 Qd8 13. b5 axb5 14. axb5 Na5 15. Ne5 Be8 16. Qa4 Nd7 17. Nxd7 Bxd7 18. Rfb1 g5 19. Bh2 Bf6 20. Qb4 Be7 21. Bd6 Re8 22. Bxe7 Rxe7 23. Nb3 b6 24. Ra3 Be8 25. Rba1 Rea7 26. Nxa5 bxa5 27. Qc5 Rc7 28. Qb6 Qc8 29. Rxa5 Rxa5 30. Qxa5 Rxc3 31. Bf1 e5 32. Qa8 exd4 33. b6 Qxa8 34. Rxa8 Rb3 35. Rxe8+ Kg7 36. Rb8 d3 37. b7 Kf6 38. Bxd3 h5 39. Ba6 1-0